[Event "2016 NSW Open"]
[Site "?"]
[Date "2016.06.13"]
[Round "5.5"]
[White "Rodgers, Jack"]
[Black "Perera, Pasan"]
[Result "0-1"]
[LiveChessVersion "1.4.4"]
[BlackElo "1982"]
[WhiteElo "2020"]

1. d4 {[%clk 1:30:57]} d6 {[%clk 1:30:51]} 2. c4 {[%clk 1:30:48]} e5
{[%clk 1:31:15]} 3. dxe5 {[%clk 1:30:36]} dxe5 {[%clk 1:31:39]} 4. Qxd8+
{[%clk 1:31:04]} Kxd8 {[%clk 1:32:08]} 5. Nc3 {[%clk 1:30:51]} c6
{[%clk 1:32:30]} 6. b3 {[%clk 1:30:45]} Be6 {[%clk 1:32:26]} 7. Bb2
{[%clk 1:30:57]} Nd7 {[%clk 1:32:19]} 8. g3 {[%clk 1:30:51]} Ngf6
{[%clk 1:31:38]} 9. Bg2 {[%clk 1:30:51]} Bc5 {[%clk 1:31:01]} 10. Nf3
{[%clk 1:30:11]} Re8 {[%clk 1:27:36]} 11. O-O {[%clk 1:29:07]} h6
{[%clk 1:27:53]} 12. Rad1 {[%clk 1:29:13]} Kc7 {[%clk 1:27:26]} 13. Na4
{[%clk 1:27:55]} Bd6 {[%clk 1:26:54]} 14. c5 {[%clk 1:27:01]} Nxc5
{[%clk 1:27:07]} 15. Nxc5 {[%clk 1:25:38]} Bxc5 {[%clk 1:27:35]} 16. Bxe5+
{[%clk 1:25:48]} Kb6 {[%clk 1:27:59]} 17. Bxf6 {[%clk 1:21:48]} gxf6
{[%clk 1:28:28]} 18. e3 {[%clk 1:21:16]} a5 {[%clk 1:28:10]} 19. Nd4
{[%clk 1:19:57]} Bg4 {[%clk 1:27:23]} 20. Bf3 {[%clk 1:16:37]} Bh3
{[%clk 1:27:26]} 21. Rfe1 {[%clk 1:15:17]} Rad8 {[%clk 1:26:51]} 22. Nc2
{[%clk 1:14:57]} Bf5 {[%clk 1:26:50]} 23. Rxd8 {[%clk 1:14:51]} Rxd8
{[%clk 1:27:15]} 24. Rd1 {[%clk 1:15:12]} Rxd1+ {[%clk 1:26:43]} 25. Bxd1
{[%clk 1:15:41]} Bd3 {[%clk 1:26:48]} 26. Ne1 {[%clk 1:14:11]} Bb1
{[%clk 1:26:45]} 27. a4 {[%clk 1:13:23]} Bd6 {[%clk 1:26:25]} 28. Bc2
{[%clk 1:13:20]} Bxc2 {[%clk 1:26:43]} 29. Nxc2 {[%clk 1:13:49]} Kc5
{[%clk 1:27:05]} 30. Kf1 {[%clk 1:13:08]} b5 {[%clk 1:27:22]} 31. Ke2
{[%clk 1:11:27]} bxa4 {[%clk 1:27:46]} 32. bxa4 {[%clk 1:11:48]} Kc4
{[%clk 1:28:04]} 33. f4 {[%clk 1:11:03]} c5 {[%clk 1:28:12]} 34. Na3+
{[%clk 1:10:34]} Kb3 {[%clk 1:28:21]} 35. Nb5 {[%clk 1:10:47]} Be7
{[%clk 1:28:45]} 36. Kd3 {[%clk 1:07:51]} c4+ {[%clk 1:29:08]} 37. Kd4
{[%clk 1:07:18]} f5 {[%clk 1:29:24]} 38. e4 {[%clk 1:07:19]} fxe4
{[%clk 1:29:40]} 39. Kxe4 {[%clk 1:07:31]} Bf6 {[%clk 1:29:43]} 40. g4
{[%clk 1:06:58]} c3 {[%clk 1:29:58]} 41. g5 {[%clk 1:06:56]} hxg5
{[%clk 1:30:20]} 42. fxg5 {[%clk 1:07:23]} c2 {[%clk 1:30:18]} 43. gxf6
{[%clk 1:07:42]} c1=Q {[%clk 1:30:39]} 44. Nd4+ {[%clk 1:07:44]} Kxa4
{[%clk 1:30:48]} 45. Ke5 {[%clk 1:07:58]} Qc7+ {[%clk 1:31:09]} 46. Kd5
{[%clk 1:08:16]} Qxh2 {[%clk 1:31:33]} 47. Nf5 {[%clk 1:08:22]} Qh5
{[%clk 1:31:52]} 48. Ke4 {[%clk 1:08:46]} Qg4+ {[%clk 1:32:10]} 49. Ke5
{[%clk 1:09:07]} Kb3 {[%clk 1:32:25]} 50. Nd4+ {[%clk 1:09:30]} Kb2
{[%clk 1:32:46]} 51. Kd5 {[%clk 1:09:22]} a4 {[%clk 1:33:10]} 52. Nb5
{[%clk 1:09:27]} a3 {[%clk 1:33:29]} 53. Nd6 {[%clk 1:09:49]} Qe6+
{[%clk 1:33:51]} 54. Kc5 {[%clk 1:10:17]} a2 {[%clk 1:34:05]} 55. Nc4+
{[%clk 1:10:40]} Kc3 {[%clk 1:34:25]} 56. Nd2 {[%clk 1:10:51]} Kxd2
{[%clk 1:34:17]} 57. Kb4 {[%clk 1:11:13]} Kd3 {[%clk 1:34:33]} 58. Kb5
{[%clk 1:11:31]} Qc4+ {[%clk 1:34:57]} 59. Kb6 {[%clk 1:11:52]} a1=R
{[%clk 1:33:16]} 60. Kb7 {[%clk 1:12:10]} Rb1+ {[%clk 1:33:41]} 61. Kb6 0-1

[Event "2016 NSW Open"]
[Site "?"]
[Date "2016.06.13"]
[Round "5.6"]
[White "Winkelman, Albert"]
[Black "Parsonage, Ian"]
[Result "0-1"]
[LiveChessVersion "1.4.4"]
[BlackElo "2019"]
[WhiteElo "1825"]

1. d4 Nf6 2. c4 e6 3. Nf3 b6 4. Nc3 Bb4 5. Bd2 Bb7 6. e3 Bxc3 7. Bxc3 Ne4 8. Qc2
O-O 9. Bd3 f5 10. Nd2 Nxc3 11. Qxc3 Qh4 12. O-O Rf6 13. g3 Qxh2+ 0-1

[Event "2016 NSW Open"]
[Site "?"]
[Date "2016.06.13"]
[Round "6.1"]
[White "Bjelobrk, Igor"]
[Black "Zhao, Zong-Yuan"]
[Result "0-1"]
[LiveChessVersion "1.4.4"]
[BlackElo "2541"]
[WhiteElo "2389"]

1. Nf3 {[%clk 1:28:26]} Nf6 {[%clk 1:30:23]} 2. c4 {[%clk 1:28:50]} g6
{[%clk 1:30:38]} 3. Nc3 {[%clk 1:29:13]} Bg7 {[%clk 1:30:45]} 4. e4
{[%clk 1:29:36]} d6 {[%clk 1:31:07]} 5. d4 {[%clk 1:30:01]} O-O {[%clk 1:31:33]}
6. h3 {[%clk 1:30:25]} e5 {[%clk 1:31:59]} 7. d5 {[%clk 1:30:51]} a5
{[%clk 1:32:25]} 8. Be2 {[%clk 1:30:51]} Na6 {[%clk 1:32:43]} 9. Bg5
{[%clk 1:31:10]} Qe8 {[%clk 1:32:55]} 10. g4 {[%clk 1:29:32]} Nd7
{[%clk 1:32:39]} 11. Qd2 {[%clk 1:25:10]} Ndc5 {[%clk 1:30:34]} 12. Rg1
{[%clk 1:23:11]} Kh8 {[%clk 1:29:58]} 13. Nh4 {[%clk 1:21:14]} Bd7
{[%clk 1:25:06]} 14. f3 {[%clk 1:19:26]} c6 {[%clk 1:20:54]} 15. O-O-O
{[%clk 0:55:34]} cxd5 {[%clk 1:00:42]} 16. Nxd5 {[%clk 0:51:30]} Ba4
{[%clk 0:57:39]} 17. Bh6 {[%clk 0:18:21]} Rg8 {[%clk 0:35:04]} 18. Bxg7+
{[%clk 0:17:42]} Rxg7 {[%clk 0:35:06]} 19. Rdf1 {[%clk 0:16:11]} Bb3
{[%clk 0:20:40]} 20. Qxa5 {[%clk 0:14:31]} Bxa2 {[%clk 0:12:26]} 21. Qxa2
{[%clk 0:14:46]} Nb4 {[%clk 0:06:20]} 22. Nxb4 {[%clk 0:15:09]} Rxa2
{[%clk 0:06:48]} 23. Nxa2 {[%clk 0:15:33]} Nb3+ {[%clk 0:07:16]} 24. Kb1
{[%clk 0:10:48]} Qa4 {[%clk 0:04:52]} 25. Rd1 {[%clk 0:08:38]} Rg8
{[%clk 0:05:10]} 26. Nc1 {[%clk 0:02:17]} Ra8 {[%clk 0:02:20]} 27. Nxb3
{[%clk 0:01:44]} Qxb3 {[%clk 0:02:49]} 28. Rd3 {[%clk 0:01:04]} Qa2+
{[%clk 0:03:05]} 29. Kc2 {[%clk 0:01:33]} Qxc4+ {[%clk 0:03:28]} 30. Kd2
{[%clk 0:00:51]} Qb4+ 31. Kc2 0-1

[Event "2016 NSW Open"]
[Site "?"]
[Date "2016.06.13"]
[Round "6.2"]
[White "Jones, Richard"]
[Black "Smirnov, Anton"]
[Result "1/2-1/2"]
[LiveChessVersion "1.4.4"]
[BlackElo "2475"]
[WhiteElo "2384"]

1. e4 {[%clk 1:30:58]} e6 {[%clk 1:29:47]} 2. d4 {[%clk 1:31:23]} d5
{[%clk 1:30:13]} 3. Nc3 {[%clk 1:31:49]} Nf6 {[%clk 1:30:39]} 4. e5
{[%clk 1:32:04]} Nfd7 {[%clk 1:31:02]} 5. f4 {[%clk 1:32:28]} c5 {[%clk 1:31:29]}
6. Nf3 {[%clk 1:32:52]} Be7 {[%clk 1:31:55]} 7. Be3 {[%clk 1:32:25]} b6
{[%clk 1:31:54]} 8. Be2 {[%clk 1:26:04]} O-O {[%clk 1:31:42]} 9. O-O
{[%clk 1:26:16]} Nc6 {[%clk 1:32:07]} 10. Qe1 {[%clk 1:15:57]} f5
{[%clk 1:31:42]} 11. Kh1 {[%clk 1:11:49]} Bb7 {[%clk 1:24:51]} 12. Rg1
{[%clk 1:09:43]} Kh8 {[%clk 1:10:57]} 13. g4 {[%clk 1:08:35]} cxd4
{[%clk 1:04:51]} 14. Nxd4 {[%clk 1:08:03]} Nxd4 {[%clk 1:05:15]} 15. Bxd4
{[%clk 1:08:29]} Bc5 {[%clk 1:05:15]} 16. Rd1 {[%clk 1:07:20]} Qe7
{[%clk 1:05:20]} 17. Nb5 {[%clk 0:54:05]} Bc6 {[%clk 1:04:27]} 18. Nd6
{[%clk 0:52:41]} Bxd4 {[%clk 1:00:42]} 19. Rxd4 {[%clk 0:52:17]} Nc5
{[%clk 1:00:59]} 20. Qc3 {[%clk 0:43:07]} Bd7 {[%clk 0:57:50]} 21. Qe3
{[%clk 0:31:20]} Ne4 {[%clk 0:53:12]} 22. gxf5 {[%clk 0:30:28]} Nxd6
{[%clk 0:50:16]} 23. exd6 {[%clk 0:30:51]} Qxd6 {[%clk 0:50:35]} 24. fxe6
{[%clk 0:30:46]} Bxe6 {[%clk 0:49:55]} 25. Bf3 {[%clk 0:28:53]} Rae8
{[%clk 0:47:51]} 26. Qd2 {[%clk 0:29:06]} Qc5 {[%clk 0:39:39]} 27. c3
{[%clk 0:28:40]} Qc7 {[%clk 0:32:50]} 28. Rg5 {[%clk 0:28:07]} h6
{[%clk 0:28:20]} 29. Re5 {[%clk 0:27:27]} Bg8 {[%clk 0:26:57]} 30. Rxe8
{[%clk 0:26:25]} Rxe8 31. Bxd5 {[%clk 0:25:58]} Bxd5+ {[%clk 0:27:47]} 32. Rxd5
{[%clk 0:26:26]} Qc4 {[%clk 0:28:10]} 33. Rd3 {[%clk 0:18:52]} Qe4+
{[%clk 0:20:58]} 34. Kg1 {[%clk 0:19:10]} Re6 {[%clk 0:21:24]} 35. Kf2
{[%clk 0:14:32]} Qh1 {[%clk 0:13:48]} 36. Rd8+ {[%clk 0:11:05]} Kh7
{[%clk 0:14:17]} 37. Qd3+ {[%clk 0:11:22]} Rg6 {[%clk 0:11:19]} 38. Rh8+
{[%clk 0:11:29]} Kxh8 {[%clk 0:11:47]} 39. Qxg6 {[%clk 0:11:53]} Qxh2+
{[%clk 0:12:11]} 40. Kf3 {[%clk 0:12:09]} Qh1+ {[%clk 0:11:45]} 41. Ke3
{[%clk 0:12:02]} Qc1+ {[%clk 0:11:26]} 42. Kf3 {[%clk 0:12:27]} Qd1+
{[%clk 0:10:07]} 43. Ke3 {[%clk 0:12:51]} Qe1+ {[%clk 0:08:45]} 44. Kf3
{[%clk 0:13:16]} Kg8 {[%clk 0:09:10]} 45. f5 {[%clk 0:13:29]} Qf1+
{[%clk 0:08:33]} 46. Ke4 1/2-1/2

[Event "2016 NSW Open"]
[Site "?"]
[Date "2016.06.13"]
[Round "6.3"]
[White "Illingworth, Max"]
[Black "Perera, Pasan"]
[Result "1-0"]
[LiveChessVersion "1.4.4"]
[BlackElo "1982"]
[WhiteElo "2458"]

1. e4 {[%clk 1:30:57]} c6 {[%clk 1:28:34]} 2. d4 {[%clk 1:31:17]} d5
{[%clk 1:28:59]} 3. e5 {[%clk 1:31:40]} Bf5 {[%clk 1:29:12]} 4. h4
{[%clk 1:32:02]} h6 {[%clk 1:28:30]} 5. g4 {[%clk 1:32:26]} Bh7 {[%clk 1:27:48]}
6. e6 {[%clk 1:32:49]} Qd6 {[%clk 1:22:06]} 7. exf7+ {[%clk 1:30:21]} Kxf7
{[%clk 1:22:29]} 8. f4 {[%clk 1:24:32]} Nf6 {[%clk 1:04:47]} 9. Nf3
{[%clk 1:17:59]} Nxg4 {[%clk 0:51:20]} 10. h5 {[%clk 1:10:09]} Bf5
{[%clk 0:45:10]} 11. Bd3 {[%clk 1:08:42]} Qe6+ {[%clk 0:39:58]} 12. Ne5+
{[%clk 1:08:42]} Nxe5 {[%clk 0:40:20]} 13. fxe5 {[%clk 1:09:04]} Bxd3
{[%clk 0:38:30]} 14. Qxd3 {[%clk 1:09:20]} g5 {[%clk 0:38:23]} 15. hxg6+
{[%clk 1:07:06]} Qxg6 {[%clk 0:38:27]} 16. Rf1+ {[%clk 1:06:56]} Kg7
{[%clk 0:38:50]} 17. Qh3 {[%clk 1:04:24]} Rg8 {[%clk 0:34:52]} 18. Be3
{[%clk 1:01:45]} Kh7 {[%clk 0:30:29]} 19. Na3 {[%clk 1:00:35]} Na6
{[%clk 0:27:38]} 20. O-O-O {[%clk 0:56:23]} Qg4 {[%clk 0:24:50]} 21. Rf7+
{[%clk 0:53:44]} Kh8 {[%clk 0:24:50]} 22. Qh1 {[%clk 0:52:29]} Qg6
{[%clk 0:20:44]} 23. Rf3 {[%clk 0:51:27]} Rg7 {[%clk 0:13:32]} 24. Qxh6+
{[%clk 0:46:08]} Qxh6 {[%clk 0:13:34]} 25. Bxh6 {[%clk 0:46:32]} Rg8
{[%clk 0:13:33]} 26. Bxf8 1-0

[Event "2016 NSW Open"]
[Site "?"]
[Date "2016.06.13"]
[Round "6.4"]
[White "Parsonage, Ian"]
[Black "Raykhman, Oleg"]
[Result "1/2-1/2"]
[LiveChessVersion "1.4.4"]
[BlackElo "1998"]
[WhiteElo "2019"]

1. e4 {[%clk 1:30:55]} c5 {[%clk 1:30:25]} 2. Nc3 {[%clk 1:31:19]} Nc6
{[%clk 1:29:18]} 3. g3 {[%clk 1:31:32]} g6 {[%clk 1:28:07]} 4. Bg2
{[%clk 1:31:26]} Bg7 {[%clk 1:27:20]} 5. Nge2 {[%clk 1:31:20]} d6
{[%clk 1:17:42]} 6. O-O {[%clk 1:31:23]} Nf6 {[%clk 1:18:06]} 7. d3
{[%clk 1:28:36]} O-O {[%clk 1:13:05]} 8. h3 {[%clk 1:26:44]} Bd7 {[%clk 1:13:24]}
9. Be3 {[%clk 1:25:13]} Rc8 {[%clk 1:08:44]} 10. Qd2 {[%clk 1:23:55]} a6
{[%clk 1:08:26]} 11. Bh6 {[%clk 1:22:06]} Qc7 {[%clk 1:01:28]} 12. Bxg7
{[%clk 1:21:48]} Kxg7 {[%clk 1:01:55]} 13. f4 {[%clk 1:19:39]} Nd4
{[%clk 0:57:55]} 14. Nd1 {[%clk 1:16:42]} Nxe2+ {[%clk 0:52:14]} 15. Qxe2
{[%clk 1:17:03]} Bc6 {[%clk 0:51:48]} 16. Ne3 {[%clk 1:13:15]} e6
{[%clk 0:51:30]} 17. Ng4 {[%clk 1:04:35]} Nxg4 {[%clk 0:46:09]} 18. hxg4
{[%clk 1:04:53]} f5 {[%clk 0:45:33]} 19. gxf5 {[%clk 0:59:33]} exf5
{[%clk 0:43:59]} 20. Qd2 {[%clk 0:57:58]} Rce8 {[%clk 0:41:24]} 21. Rae1
{[%clk 0:56:46]} Kg8 {[%clk 0:37:04]} 22. Qc3 {[%clk 0:51:36]} Qf7
{[%clk 0:30:59]} 23. exf5 {[%clk 0:48:37]} Bxg2 {[%clk 0:26:01]} 24. Kxg2
{[%clk 0:47:45]} Qd5+ {[%clk 0:23:24]} 25. Kf2 {[%clk 0:45:51]} Qxf5
{[%clk 0:20:54]} 26. Qb3+ 1/2-1/2

[Event "2016 NSW Open"]
[Site "?"]
[Date "2016.06.13"]
[Round "6.5"]
[White "O'Chee, Kevin"]
[Black "Hathiramani, Dillon"]
[Result "1-0"]
[LiveChessVersion "1.4.4"]
[BlackElo "1922"]
[WhiteElo "2085"]

1. e4 {[%clk 1:30:27]} c5 {[%clk 1:30:52]} 2. Nf3 {[%clk 1:30:52]} e6
{[%clk 1:31:17]} 3. d4 {[%clk 1:31:19]} cxd4 {[%clk 1:31:42]} 4. Nxd4
{[%clk 1:31:44]} a6 {[%clk 1:32:06]} 5. Bd3 {[%clk 1:31:33]} Qc7 {[%clk 1:31:42]}
6. O-O {[%clk 1:31:18]} Nf6 {[%clk 1:31:25]} 7. c4 {[%clk 1:31:03]} Nc6
{[%clk 1:25:08]} 8. Nb3 {[%clk 1:29:34]} Be7 {[%clk 1:21:46]} 9. Nc3
{[%clk 1:29:36]} O-O {[%clk 1:21:35]} 10. f4 {[%clk 1:27:40]} d6 {[%clk 1:21:30]}
11. Qf3 {[%clk 1:27:45]} Nb4 {[%clk 1:07:40]} 12. Be2 {[%clk 1:25:26]} b6
{[%clk 0:55:44]} 13. Bd2 {[%clk 1:22:52]} Bb7 {[%clk 0:52:34]} 14. a3
{[%clk 1:23:15]} Nc6 {[%clk 0:53:02]} 15. Bd3 {[%clk 1:23:25]} Rfd8
{[%clk 0:49:16]} 16. Rae1 {[%clk 1:23:08]} Rac8 {[%clk 0:49:00]} 17. Qh3
{[%clk 1:23:13]} h6 {[%clk 0:45:21]} 18. f5 {[%clk 1:21:22]} exf5
{[%clk 0:41:43]} 19. Nd5 {[%clk 1:16:53]} Qd7 {[%clk 0:36:15]} 20. Nxb6
{[%clk 1:15:18]} Qc7 {[%clk 0:36:27]} 21. Nxc8 {[%clk 1:15:22]} Bxc8
{[%clk 0:36:53]} 22. Bc2 {[%clk 1:11:36]} fxe4 {[%clk 0:37:19]} 23. Qg3
{[%clk 1:11:49]} Nh5 {[%clk 0:25:25]} 24. Qf2 {[%clk 1:11:09]} Ne5
{[%clk 0:24:50]} 25. Rxe4 {[%clk 1:08:03]} Nf6 {[%clk 0:23:34]} 26. Rf4
{[%clk 1:07:53]} Nxc4 {[%clk 0:23:02]} 27. Bc3 {[%clk 1:07:10]} Ne5
{[%clk 0:22:14]} 28. Ba5 {[%clk 1:04:57]} Qb7 {[%clk 0:21:41]} 29. Bxd8
{[%clk 1:04:24]} Bxd8 {[%clk 0:22:06]} 30. Rb4 {[%clk 1:03:50]} Qc7
{[%clk 0:21:34]} 31. Rc1 {[%clk 1:03:13]} Qe7 {[%clk 0:21:17]} 32. Nd4
{[%clk 1:00:11]} g6 {[%clk 0:12:48]} 33. Re1 {[%clk 0:57:59]} Bd7
{[%clk 0:10:54]} 34. Rb7 {[%clk 0:54:42]} Qe8 {[%clk 0:10:42]} 35. Rb8
{[%clk 0:53:43]} Kg7 {[%clk 0:09:28]} 36. Nf3 {[%clk 0:51:00]} Qe7
{[%clk 0:06:56]} 37. Nxe5 {[%clk 0:47:25]} dxe5 {[%clk 0:07:23]} 38. b4
{[%clk 0:44:50]} Ng4 {[%clk 0:04:49]} 39. Qg3 {[%clk 0:43:36]} Bc7
{[%clk 0:02:15]} 40. Rb7 {[%clk 0:43:23]} Bc8 {[%clk 0:02:21]} 41. Rxc7
{[%clk 0:35:37]} Qxc7 {[%clk 0:02:45]} 42. Bd1 {[%clk 0:35:46]} Qb6+
{[%clk 0:02:17]} 43. Kf1 {[%clk 0:36:04]} Qf6+ {[%clk 0:01:17]} 44. Bf3
{[%clk 0:36:13]} h5 {[%clk 0:00:34]} 45. h4 {[%clk 0:32:20]} Bd7 {[%clk 0:00:37]}
46. Kg1 {[%clk 0:31:25]} Qb6+ {[%clk 0:00:33]} 47. Kh1 {[%clk 0:31:35]} Nf2+
{[%clk 0:00:33]} 48. Kh2 {[%clk 0:31:57]} e4 {[%clk 0:00:45]} 49. Bxh5
{[%clk 0:29:51]} Bf5 {[%clk 0:00:40]} 50. Re2 {[%clk 0:25:14]} e3
{[%clk 0:00:40]} 51. Rxe3 {[%clk 0:25:03]} Ne4 {[%clk 0:00:52]} 52. Qe5+
{[%clk 0:23:44]} Kg8 {[%clk 0:00:39]} 53. Rf3 {[%clk 0:19:32]} Qd8
{[%clk 0:00:39]} 54. Rxf5 {[%clk 0:12:30]} Qxh4+ {[%clk 0:00:36]} 55. Kg1
{[%clk 0:12:54]} gxf5 {[%clk 0:01:00]} 56. Qe8+ {[%clk 0:12:50]} Kh7
{[%clk 0:01:17]} 57. Qxf7+ {[%clk 0:13:09]} Kh8 {[%clk 0:01:43]} 58. Qf8+
{[%clk 0:13:06]} Kh7 {[%clk 0:02:12]} 59. Qxf5+ {[%clk 0:13:17]} Kh8
{[%clk 0:02:39]} 60. Qf8+ {[%clk 0:11:56]} Kh7 {[%clk 0:03:02]} 61. Qf7+
{[%clk 0:12:20]} Kh8 {[%clk 0:03:27]} 62. Qe8+ {[%clk 0:12:45]} Kg7
{[%clk 0:02:34]} 63. Qg6+ {[%clk 0:13:05]} Kh8 {[%clk 0:02:45]} 64. Qh6+
{[%clk 0:13:22]} Kg8 {[%clk 0:03:11]} 65. Bf7+ {[%clk 0:13:36]} 1-0

[Event "2016 NSW Open"]
[Site "?"]
[Date "2016.06.13"]
[Round "6.6"]
[White "Raposio, Roberto"]
[Black "Boss, Stephen"]
[Result "0-1"]
[LiveChessVersion "1.4.4"]
[BlackElo "1829"]
[WhiteElo "2014"]

1. d4 e6 2. c4 f5 3. Nc3 Nf6 4. Nf3 Bb4 5. e3 b6 6. a3 Bxc3+ 7. bxc3 O-O 8. Be2
Bb7 9. a4 Re8 10. O-O d6 11. a5 Ne4 12. Qb3 g5 13. Rd1 g4 14. Nd2 Ng5 15. f4 gxf3
16. Nxf3 Kh8 17. Rf1 Nd7 18. a6 Be4 19. Qd1 Rg8 20. Bd2 Rg6 21. Be1 Qe7 22. Bg3
Rag8 23. c5 bxc5 24. dxc5 Nxc5 25. Qd4+ R8g7 26. Rab1 Bxb1 27. Rxb1 h5 28. Rb7
Nxb7 29. axb7 Qd8 30. Be5 c5 31. Bxg7+ Rxg7 32. Qh4 Nxf3+ 33. Bxf3 Qxh4 34. b8=Q+
Kh7 35. Qb1 Qg5 36. e4 fxe4 37. Qxe4+ Qf5 38. Qe2 Kh6 39. Qe3+ Qg5 40. Qxe6+ Rg6
41. Qe8 Qc1+ 42. Kf2 Qd2+ 43. Kf1 Qxc3 44. Qf8+ Qg7 45. Qf4+ Kh7 46. Be4 Kg8 47.
Bxg6 Qxg6 48. Qa4 Qb1+ 49. Ke2 Qb2+ 50. Kf3 Qc3+ 51. Ke4 Qd4+ 0-1

[Event "2016 NSW Open"]
[Site "?"]
[Date "2016.06.13"]
[Round "7.2"]
[White "Illingworth, Max"]
[Black "Jones, Richard"]
[Result "1-0"]
[LiveChessVersion "1.4.4"]
[BlackElo "2384"]
[WhiteElo "2458"]

1. c4 {[%clk 1:30:54]} e5 {[%clk 1:30:45]} 2. Nc3 {[%clk 1:31:02]} Nf6
{[%clk 1:31:10]} 3. e3 {[%clk 1:30:36]} Bb4 {[%clk 1:29:08]} 4. Nge2
{[%clk 1:30:59]} O-O {[%clk 1:26:07]} 5. a3 {[%clk 1:31:24]} Be7 {[%clk 1:26:03]}
6. d4 {[%clk 1:31:29]} exd4 {[%clk 1:25:26]} 7. exd4 {[%clk 1:31:30]} Re8
{[%clk 1:22:46]} 8. Be3 {[%clk 1:31:49]} d5 {[%clk 1:22:45]} 9. Nf4
{[%clk 1:32:06]} c6 {[%clk 1:20:24]} 10. cxd5 {[%clk 1:31:41]} Nxd5
{[%clk 1:19:38]} 11. Ncxd5 {[%clk 1:27:06]} cxd5 {[%clk 1:20:04]} 12. Bd3
{[%clk 1:27:26]} Bg5 {[%clk 1:14:23]} 13. O-O {[%clk 1:27:27]} Nc6
{[%clk 1:09:53]} 14. Qf3 {[%clk 1:26:44]} Be6 {[%clk 1:04:01]} 15. Nxe6
{[%clk 1:20:29]} Rxe6 {[%clk 1:00:48]} 16. Qf5 {[%clk 1:17:02]} Rg6
{[%clk 1:01:00]} 17. Qg4 {[%clk 1:15:20]} Bxe3 {[%clk 1:00:39]} 18. Bxg6
{[%clk 1:14:23]} Bxd4 {[%clk 1:00:29]} 19. Bc2 {[%clk 1:14:32]} Bxb2
{[%clk 0:59:53]} 20. Rab1 {[%clk 1:14:26]} Qf6 {[%clk 0:58:28]} 21. Qh5
{[%clk 1:13:29]} g6 {[%clk 0:57:21]} 22. Qxd5 {[%clk 1:13:46]} Rd8
{[%clk 0:54:47]} 23. Qb3 {[%clk 1:08:07]} Be5 {[%clk 0:54:28]} 24. Qxb7
{[%clk 1:03:41]} Rd2 {[%clk 0:54:34]} 25. Bb3 {[%clk 1:02:29]} Nd4
{[%clk 0:45:15]} 26. Rbe1 {[%clk 0:47:38]} Bd6 {[%clk 0:30:16]} 27. Re3
{[%clk 0:43:37]} Kg7 {[%clk 0:28:42]} 28. Qe4 {[%clk 0:34:02]} Bc5
{[%clk 0:26:07]} 29. Bxf7 {[%clk 0:28:15]} Nf5 {[%clk 0:17:06]} 30. Rf3
{[%clk 0:28:11]} Qd4 {[%clk 0:15:57]} 31. Qe8 {[%clk 0:24:31]} Nh4
{[%clk 0:16:13]} 32. Re3 {[%clk 0:22:21]} Qf6 {[%clk 0:13:53]} 33. Re2
{[%clk 0:20:40]} Rxe2 {[%clk 0:12:00]} 34. Qxe2 {[%clk 0:20:45]} Qg5
{[%clk 0:11:31]} 35. g3 {[%clk 0:17:46]} Kxf7 {[%clk 0:11:58]} 36. Qc4+
{[%clk 0:17:59]} Kg7 {[%clk 0:11:46]} 37. Qxh4 {[%clk 0:18:20]} Qxh4
{[%clk 0:12:10]} 38. gxh4 {[%clk 0:18:47]} Bxa3 {[%clk 0:12:35]} 39. Rb1
{[%clk 0:18:15]} h5 {[%clk 0:08:40]} 40. Rb7+ {[%clk 0:18:15]} Kf6
{[%clk 0:09:06]} 41. Rxa7 {[%clk 0:18:37]} Bb2 {[%clk 0:09:31]} 42. Kg2
{[%clk 0:17:53]} Kf5 {[%clk 0:09:55]} 43. Ra5+ {[%clk 0:17:37]} Ke6
{[%clk 0:10:08]} 44. h3 {[%clk 0:16:46]} Bf6 {[%clk 0:10:23]} 45. Kg3
{[%clk 0:16:53]} Bd8 {[%clk 0:10:28]} 46. Rb5 {[%clk 0:16:39]} Be7
{[%clk 0:10:49]} 47. f4 {[%clk 0:15:24]} Bd8 {[%clk 0:10:56]} 48. Re5+
{[%clk 0:14:58]} Kf6 {[%clk 0:10:08]} 49. Rg5 {[%clk 0:14:35]} Bc7
{[%clk 0:07:50]} 50. Kf3 {[%clk 0:14:57]} Bd8 {[%clk 0:08:14]} 51. Ke4
{[%clk 0:13:44]} Kf7 {[%clk 0:08:27]} 52. f5 {[%clk 0:13:12]} 1-0